|
|
|
|
| LEADER |
00000nam a2200000 a 4500 |
| 001 |
vtls008701894 |
| 003 |
SK-MaSNL |
| 005 |
20260301080104.0 |
| 008 |
240318s2005 xr a f 001 0 cze |
| 020 |
|
|
|a 8024710188
|q (brož.)
|
| 040 |
|
|
|a SNK
|b slo
|c SNK
|e AACR2
|
| 041 |
0 |
|
|a cze
|
| 044 |
|
|
|a xr
|c CZ
|
| 072 |
|
7 |
|a 616
|x Patológia. Klinická medicína
|2 konspekt
|
| 080 |
|
|
|a 616.831-00
|2 2001
|
| 080 |
|
|
|a (035)
|2 2001
|
| 100 |
1 |
|
|a Kraus, Josef,
|d 1951-
|4 aut
|9 401203
|
| 245 |
1 |
0 |
|a Dětská mozková obrna
|c Josef Kraus a kolektiv
|
| 250 |
|
|
|a 1. vyd.
|
| 260 |
|
|
|a Praha
|b Grada
|c 2005
|
| 300 |
|
|
|a 344 s.
|b fotogr., ilustr., sch.
|c 24 cm
|
| 500 |
|
|
|a Na obale uvedené Avicenum s logom
|
| 650 |
0 |
7 |
|a detská mozgová obrna
|2 SNKPH
|9 71683
|
| 655 |
|
7 |
|a príručky
|2 SNKPH
|9 74364
|
| 919 |
|
|
|a 80-247-1018-8
|
| 999 |
|
|
|c 652174
|d 654104
|
| 952 |
|
|
|t snkKRA 616.8
|a SNKUST
|b SNKUST
|y PREZ
|7 0
|p 17A0474782
|o snkIC 133350
|i snk2006/10099
|8 3
|g 22.54
|0 0
|1 0
|4 0
|d 2006-05-18
|l 0
|r 2025-04-29 00:00:00
|w 2026-02-23
|